Theories of development (Record no. 33372)

MARC details
000 -LEADER
fixed length control field 01129cam a2200313 a 4500
001 - CONTROL NUMBER
control field 15526021
005 - DATE AND TIME OF LATEST TRANSACTION
control field 20131126173754.0
008 - FIXED-LENGTH DATA ELEMENTS--GENERAL INFORMATION
fixed length control field 081118s2009 nyua b 001 0 eng
010 ## - LIBRARY OF CONGRESS CONTROL NUMBER
LC control number 2008050378
020 ## - INTERNATIONAL STANDARD BOOK NUMBER
International Standard Book Number 1572304898 (pbk. : alk. paper)
020 ## - INTERNATIONAL STANDARD BOOK NUMBER
International Standard Book Number 9781572304895 (pbk. : alk. paper)
035 ## - SYSTEM CONTROL NUMBER
System control number (OCoLC)255890125
035 ## - SYSTEM CONTROL NUMBER
System control number (OCoLC)ocn255890125
040 ## - CATALOGING SOURCE
Original cataloging agency DLC
Transcribing agency DLC
Modifying agency YDX
-- BTCTA
-- YDXCP
-- BWX
-- CDX
-- DLC
050 00 - LIBRARY OF CONGRESS CALL NUMBER
Classification number HD72
Item number .P44 1999
100 1# - MAIN ENTRY--PERSONAL NAME
Personal name Peet, Richard.
245 10 - TITLE STATEMENT
Title Theories of development
Statement of responsibility, etc Richard Peet, Elaine Hartwick.
260 ## - PUBLICATION, DISTRIBUTION, ETC. (IMPRINT)
Place of publication, distribution, etc New York :
Name of publisher, distributor, etc Guilford Press,
Date of publication, distribution, etc c1999.
300 ## - PHYSICAL DESCRIPTION
Extent xii, 234 p. :
Other physical details ill. ;
Dimensions 23 cm.
504 ## - BIBLIOGRAPHY, ETC. NOTE
Bibliography, etc Includes bibliographical references and index.
650 #0 - SUBJECT ADDED ENTRY--TOPICAL TERM
Topical term or geographic name as entry element Economic development.
650 #0 - SUBJECT ADDED ENTRY--TOPICAL TERM
Topical term or geographic name as entry element Dependency.
650 #0 - SUBJECT ADDED ENTRY--TOPICAL TERM
Topical term or geographic name as entry element Capitalism.
650 #0 - SUBJECT ADDED ENTRY--TOPICAL TERM
Topical term or geographic name as entry element Marxian economics.
700 1# - ADDED ENTRY--PERSONAL NAME
Personal name Hartwick, Elaine R.
Fuller form of name (Elaine Rachel),
Dates associated with a name 1961-
906 ## - LOCAL DATA ELEMENT F, LDF (RLIN)
a 7
b cbc
c orignew
d 1
e ecip
f 20
g y-gencatlg
942 ## - ADDED ENTRY ELEMENTS (KOHA)
Source of classification or shelving scheme Library of Congress Classification
Item type Book
Holdings
Withdrawn status Lost status Source of classification or shelving scheme Damaged status Not for loan Collection code Home library Current library Shelving location Date acquired Source of acquisition Total Checkouts Total Renewals Full call number Barcode Date last seen Date last borrowed Price effective from Koha item type
    Library of Congress Classification     Non-fiction Nairobi Campus Nairobi Campus General Circulation 14/07/2009 Purchase 65 3 HD72 .P44 1999 010056 18/07/2025 02/07/2025 14/07/2009 Book